000
00276nam a22001337a 4500
003
SGT
020
_a
9780459270315
082
_a
345.7
100
_a
CARSWELL
245
_a
POCKET CRIMINAL CODE 2000
260
_a
CANADA
_b
CARSWELL
_c
2000
300
_a
1111
942
_2
ddc
_c
BK
999
_c
28552
_d
28552